000 00606nam a2200181 i 4500
001 59262
003 ES-MaACL
005 20250809030230.0
007 t|
008 031028s1964 sp ||||1| spa d
245 0 0 _aEnciclopedia de legislación social
_b: (veinticinco años de labor).
260 _aMadrid :
_bEdiciones laborales,
_c1964.
300 _a1 v. ;
_c28 cm.
505 8 _aContiene: v. I. Fuero del trabajo- Fuero de los españoles- Principios de Movimiento Nacional.- 71 p.
650 0 4 _aDerecho laboral-
_zEspaña
_911726
852 _aES-MaACL
_jP-1084
_bR.54852
999 _c59262
_d59262